000 01713nam2a2200385 4500
001 RU\NLR\bibl\250210
005 20250620122612.0
010 _a5-246-00430-9
021 _aRU
_b2001-58116
_92828
035 _a(NLR Aleph) 000246026
090 _a1434705
_c1434705
100 _a20020320d2001 |||y0rusy50 ca
101 0 _arus
102 _aRU
105 _ay |||||||||
200 1 _aЛесная и деревообрабатывающая промышленность
_eЛесоматериалы. Фанера. ДСП. ДВП. Тара деревянная. Спичка
_eСтраны СНГ
210 _d2001
_aБ. м.
215 _a390 с.
320 _aАлф. указ.: с. 7-70
461 0 _1001RU\NLR\bibl\278085
_12001#$aБизнес-карта 2001. [Промышленность. Отрасль]$vТ. 19
_91600044
_cМ.
_d2001
_nАДИ "Бизнес-карта"
_oСНГ : Деловые справ.
_tБизнес-карта 2001. [Промышленность. Отрасль]
_vТ. 19
606 1 _aЛесная промышленность
_jБизнес-карты
_yСтраны СНГ
_92137205
_3RU\NLR\auth\661288584
610 0 _aЛесная промышленность, предприятия - Справочники
610 0 _aДеревообрабатывающие предприятия - Справочники
675 _a334.716(470)(035.5)
_v3
_zrus
675 _a[630/79
_v3
_zrus
675 _a674](47+57)
_v3
_zrus
686 _a06.75
_2rugasnti
686 _a65.301
_2rubbk
686 _aУ30(2)61я2
801 0 _aRU
_bRKP
_c20020320
_gPSBO
801 1 _aRU
_bRKP
_c20020320
801 2 _aRU
_bNLR
_c20130408
_grcr
942 _cBOOK
980 _aNB